Письмо посла США в СССР А. Гарримана наркому иностранных дел СССР В. М. Молотову по вопросу возможного установления контактов ме...

RUSMARC
00004835cbm0a2200301#x 450
001f2b9caa2-c9a8-41f3-8414-2baf54e61547
00520250303110914.0
100##$a20250303j19450312k###0rusy50 ca
1010#$arus
$aeng
102##$aRU
1220#$ad19450312##
2001#$aПисьмо посла США в СССР А. Гарримана наркому иностранных дел СССР В. М. Молотову по вопросу возможного установления контактов между представителями англо-американского командования и генералом К. Вольфом с целью вывода из войны немецкой группировки войск в Италии
$j12 марта 1945 г.
251##$cДокумент
300##$aПодлинник. На английском и русском языках
461#0$12001
$aФ. 06
$1251
$cФонд
$1852
$j06
462#0$12001
$aОп. 7. П. 14
$1251
$cОпись
$1852
$j7. П. 14
462#0$12001
$aД. 137
$vЛ. 1-3, 4, 9, 6
$1251
$cДело
$1852
$j137
605##$2prlib_sh
$3LIBNET\UAF\0000088514
$aВторая мировая война в архивных документах (Комплекс оцифрованных архивных документов, кино- и фотоматериалов)
$lколлекция
605##$2acquisition_Prlib
$3DITM\AF\0000002775
$aВласть
$lколлекция
6061#$2nlr_sh
$3RU\NLR\AUTH\66386788
$aМеждународные отношения
$z1944 - 1945
$jДокументы и материалы
607##$2nlr_sh1
$3RU\NLR\AUTH\66218729
$aГермания
$xВнешняя политика
$z1945
$jДокументы и материалы
686##$a63.3(4Гем)62-6ю1
$vLBC/M
$2rubbk
686##$a63.3(0)6-6ю1
$vLBC/M
$2rubbk
801#0$aRU
$bПБ им. Б.Н. Ельцина
$c20250303
801#1$aRU
$bПБ им. Б.Н. Ельцина
$c20250303
$2rusmarc
801#2$aRU
$bПБ им. Б.Н. Ельцина
$c20250303
$2rusmarc
850##$aАрхив внешней политики Российской Федерации
852##$aАВП РФ
$jЛ. 1-3, 4, 9, 6
035##$aLIBNET\0001457927
937##$d196194758
$hФедеральное архивное агентство
8564#$uhttp://readingroom.main.prlib.ru/item.aspx?id_node=n196194758&mode=full
Формат отображения